| 000 -LEADER |
| fixed length control field |
01544cam a22002654a 4500 |
| 001 - CONTROL NUMBER |
| control field |
16287093 |
| 003 - CONTROL NUMBER IDENTIFIER |
| control field |
NUST |
| 005 - DATE AND TIME OF LATEST TRANSACTION |
| control field |
20221117102918.0 |
| 008 - FIXED-LENGTH DATA ELEMENTS--GENERAL INFORMATION |
| fixed length control field |
100616s2011 enka b 001 0 eng |
| 010 ## - LIBRARY OF CONGRESS CONTROL NUMBER |
| LC control number |
2010025730 |
| 020 ## - INTERNATIONAL STANDARD BOOK NUMBER |
| International Standard Book Number |
9780470844724 (hardback) |
| 020 ## - INTERNATIONAL STANDARD BOOK NUMBER |
| International Standard Book Number |
9780470844731 (hbk.) |
| 082 00 - DEWEY DECIMAL CLASSIFICATION NUMBER |
| Classification number |
621.367,SOL |
| 100 1# - MAIN ENTRY--PERSONAL NAME |
| Personal name |
Solomon, Chris. |
| 9 (RLIN) |
102769 |
| 245 10 - TITLE STATEMENT |
| Title |
Fundamentals of digital image processing : |
| Remainder of title |
a practical approach with examples in Matlab / |
| Statement of responsibility, etc. |
Chris Solomon, Toby Breckon. |
| 260 ## - PUBLICATION, DISTRIBUTION, ETC. |
| Place of publication, distribution, etc. |
Chichester, West Sussex ; |
| -- |
Hoboken, NJ : |
| Name of publisher, distributor, etc. |
Wiley-Blackwell, |
| Date of publication, distribution, etc. |
2011. |
| 300 ## - PHYSICAL DESCRIPTION |
| Extent |
xiv, 328 p. : |
| Other physical details |
ill. ; |
| Dimensions |
25 cm. |
| 505 ## - FORMATTED CONTENTS NOTE |
| Formatted contents note |
Represntation (Page-1), Formation (Page-21), Pixels (Page-49), Enhancement (Page-85), Fourier trasforms and frequency domain (Page-113), Image restoration (Page-141), Geometry (Page-169), Morphological processing (Page-197), Features (Page-235), Image segmentation (Page-263), Classification (Page-291). |
| 520 ## - SUMMARY, ETC. |
| Summary, etc. |
"Fundamentals of Digital Image Processing is an introductory text on the science of image processing and employs the Matlab programming language to illustrate some of the elementary, key concepts in modern image processing and pattern recognition drawing on specific examples from within science, medicine and electronics"-- |
| Assigning source |
Provided by publisher. |
| 630 00 - SUBJECT ADDED ENTRY--UNIFORM TITLE |
| Uniform title |
MATLAB. |
| 650 #0 - SUBJECT ADDED ENTRY--TOPICAL TERM |
| Topical term or geographic name entry element |
Image processing |
| General subdivision |
Digital techniques. |
| 9 (RLIN) |
673 |
| 700 1# - ADDED ENTRY--PERSONAL NAME |
| Personal name |
Breckon, Toby. |
| 9 (RLIN) |
102770 |
| 856 42 - ELECTRONIC LOCATION AND ACCESS |
| Materials specified |
Cover image |
| Uniform Resource Identifier |
<a href="http://catalogimages.wiley.com/images/db/jimages/9780470844724.jpg">http://catalogimages.wiley.com/images/db/jimages/9780470844724.jpg</a> |
| 942 ## - ADDED ENTRY ELEMENTS (KOHA) |
| Source of classification or shelving scheme |
|
| Koha item type |
Book |